[Event "EUCC 2023 - U14"]
[Site "Kouty nad Desnou"]
[Date "2023.08.17"]
[Round "2.1"]
[White "Jasso, Matej"]
[Black "Sahidi, Sear"]
[Result "1-0"]
[BlackElo "1731"]
[WhiteElo "2143"]
[LiveChessVersion "1.4.8"]

1. e4 {[%clk 1:30:56]} e5 {[%clk 1:30:47]} 2. Nf3 {[%clk 1:31:20]} Nc6
{[%clk 1:31:03]} 3. Bb5 {[%clk 1:31:45]} a6 {[%clk 1:31:11]} 4. Ba4
{[%clk 1:32:09]} Nf6 {[%clk 1:31:12]} 5. d3 {[%clk 1:32:27]} b5 {[%clk 1:30:46]}
6. Bb3 {[%clk 1:32:49]} Be7 {[%clk 1:30:28]} 7. O-O {[%clk 1:32:16]} O-O
{[%clk 1:30:02]} 8. Re1 {[%clk 1:31:53]} d6 {[%clk 1:29:18]} 9. c3
{[%clk 1:32:15]} Na5 {[%clk 1:27:57]} 10. Bc2 {[%clk 1:32:34]} c5
{[%clk 1:27:04]} 11. Nbd2 {[%clk 1:32:42]} Qc7 {[%clk 1:22:18]} 12. Nf1
{[%clk 1:32:44]} Nc6 {[%clk 1:13:47]} 13. h3 {[%clk 1:32:46]} h6 {[%clk 1:05:45]}
14. Ne3 {[%clk 1:22:47]} Be6 {[%clk 1:04:13]} 15. d4 {[%clk 1:12:27]} cxd4
{[%clk 0:52:24]} 16. cxd4 {[%clk 1:12:33]} exd4 {[%clk 0:51:46]} 17. Nxd4
{[%clk 1:11:41]} Nxd4 {[%clk 0:49:46]} 18. Qxd4 {[%clk 1:12:00]} Qc5
{[%clk 0:49:59]} 19. Qd3 {[%clk 1:02:36]} Nd7 {[%clk 0:40:59]} 20. Nd5
{[%clk 1:00:16]} Rfe8 {[%clk 0:35:38]} 21. Be3 {[%clk 0:45:52]} Ne5
{[%clk 0:26:38]} 22. Bxc5 {[%clk 0:37:44]} Nxd3 {[%clk 0:27:02]} 23. Bxd3
{[%clk 0:38:05]} Bxd5 {[%clk 0:27:21]} 24. Bxd6 {[%clk 0:38:19]} Bxd6
{[%clk 0:19:34]} 25. exd5 {[%clk 0:38:38]} Re5 {[%clk 0:18:34]} 26. Rac1
{[%clk 0:27:37]} Rd8 {[%clk 0:10:44]} 27. Rxe5 {[%clk 0:14:32]} Bxe5
{[%clk 0:11:07]} 28. b3 {[%clk 0:14:54]} Kf8 {[%clk 0:10:24]} 29. Be4
{[%clk 0:13:57]} Bf4 {[%clk 0:01:24]} 30. Rc6 {[%clk 0:04:44]} Re8
{[%clk 0:01:05]} 31. Bd3 {[%clk 0:05:04]} Re1+ {[%clk 0:01:31]} 32. Bf1
{[%clk 0:05:29]} Rd1 {[%clk 0:00:53]} 33. Rxa6 {[%clk 0:04:58]} Rxd5
{[%clk 0:01:18]} 34. Ra5 {[%clk 0:05:16]} Rd1 {[%clk 0:00:31]} 35. Rxb5
{[%clk 0:05:33]} Ra1 {[%clk 0:00:53]} 36. Ra5 {[%clk 0:04:34]} Bd2
{[%clk 0:00:58]} 37. Ra6 {[%clk 0:04:41]} Ke7 {[%clk 0:01:12]} 38. g3
{[%clk 0:04:39]} Bb4 {[%clk 0:00:34]} 39. Kg2 {[%clk 0:04:32]} 1-0

[Event "EUCC 2023 - U14"]
[Site "Kouty nad Desnou"]
[Date "2023.08.17"]
[Round "2.2"]
[White "Sekova, Olivia"]
[Black "Auribault, Louis"]
[Result "0-1"]
[BlackElo "2084"]
[WhiteElo "1714"]
[LiveChessVersion "1.4.8"]

1. e4 {[%clk 1:30:51]} e5 {[%clk 1:30:56]} 2. Nf3 {[%clk 1:31:10]} Nc6
{[%clk 1:31:17]} 3. Bb5 {[%clk 1:31:29]} a6 {[%clk 1:31:30]} 4. Ba4
{[%clk 1:31:52]} Nf6 {[%clk 1:30:58]} 5. O-O {[%clk 1:31:27]} b5 {[%clk 1:30:55]}
6. Bb3 {[%clk 1:31:50]} Bc5 {[%clk 1:31:09]} 7. d3 {[%clk 1:18:15]} d6
{[%clk 1:29:42]} 8. c3 {[%clk 1:17:54]} h6 {[%clk 1:28:40]} 9. Be3
{[%clk 1:14:00]} Bb6 {[%clk 1:24:04]} 10. Bxb6 {[%clk 1:11:19]} cxb6
{[%clk 1:24:19]} 11. d4 {[%clk 1:06:35]} Bg4 {[%clk 1:04:27]} 12. Bd5
{[%clk 1:00:40]} Nxd5 {[%clk 1:03:29]} 13. exd5 {[%clk 1:01:02]} Ne7
{[%clk 1:03:23]} 14. dxe5 {[%clk 1:01:15]} dxe5 {[%clk 1:03:40]} 15. d6
{[%clk 0:59:34]} Nc6 {[%clk 1:02:50]} 16. Qd5 {[%clk 0:51:57]} Bxf3
{[%clk 1:02:17]} 17. gxf3 {[%clk 0:52:17]} Qd7 {[%clk 1:01:11]} 18. f4
{[%clk 0:51:12]} exf4 {[%clk 0:54:19]} 19. Re1+ {[%clk 0:50:34]} Kf8
{[%clk 0:50:23]} 20. Re7 {[%clk 0:48:52]} Nxe7 {[%clk 0:50:30]} 21. Qxa8+
{[%clk 0:49:15]} Nc8 {[%clk 0:50:52]} 22. f3 {[%clk 0:45:40]} g6 {[%clk 0:49:37]}
23. Qxa6 {[%clk 0:45:30]} Nxd6 {[%clk 0:45:59]} 24. Qxb6 {[%clk 0:45:52]} Nc4
{[%clk 0:44:04]} 25. Qc5+ {[%clk 0:44:01]} Kg7 {[%clk 0:33:17]} 26. Na3
{[%clk 0:34:16]} Rc8 {[%clk 0:31:04]} 27. Qxb5 {[%clk 0:28:09]} Qa7+
{[%clk 0:31:27]} 28. Kh1 {[%clk 0:27:13]} Nxa3 {[%clk 0:31:21]} 29. bxa3
{[%clk 0:27:35]} Qe3 {[%clk 0:31:11]} 30. Qd5 {[%clk 0:19:00]} Rxc3
{[%clk 0:30:26]} 31. Rd1 {[%clk 0:16:53]} Qxf3+ {[%clk 0:29:49]} 32. Qxf3
{[%clk 0:17:16]} Rxf3 {[%clk 0:30:08]} 33. a4 {[%clk 0:15:51]} Ra3
{[%clk 0:30:18]} 34. Rd4 {[%clk 0:16:09]} g5 {[%clk 0:29:06]} 35. h4
{[%clk 0:14:05]} Rxa2 {[%clk 0:26:44]} 36. Rd5 {[%clk 0:13:10]} Kg6
{[%clk 0:25:48]} 37. hxg5 {[%clk 0:13:11]} hxg5 {[%clk 0:26:08]} 38. a5
{[%clk 0:13:29]} Kh5 {[%clk 0:25:05]} 39. Kg1 {[%clk 0:13:21]} Kg4
{[%clk 0:25:07]} 40. Kf1 {[%clk 0:13:35]} f3 {[%clk 0:24:54]} 41. Ke1
{[%clk 0:11:59]} f5 {[%clk 0:25:04]} 42. Re5 {[%clk 0:11:52]} Kg3
{[%clk 0:24:56]} 43. Rxf5 {[%clk 0:11:40]} f2+ {[%clk 0:25:19]} 44. Kf1
{[%clk 0:10:45]} Ra1+ {[%clk 0:25:43]} 45. Ke2 {[%clk 0:11:09]} Re1+
{[%clk 0:26:05]} 46. Kd2 {[%clk 0:11:20]} f1=Q {[%clk 0:26:22]} 47. Rxg5+
{[%clk 0:11:18]} Kf4 0-1

[Event "EUCC 2023 - U14"]
[Site "Kouty nad Desnou"]
[Date "2023.08.17"]
[Round "2.3"]
[White "Srba, Daniel"]
[Black "Ser, Daniel"]
[Result "0-1"]
[BlackElo "1850"]
[WhiteElo "1571"]
[LiveChessVersion "1.4.8"]

1. e4 {[%clk 1:30:59]} c6 {[%clk 1:30:55]} 2. d4 {[%clk 1:31:25]} d5
{[%clk 1:31:22]} 3. exd5 {[%clk 1:31:44]} cxd5 {[%clk 1:31:47]} 4. Bd3
{[%clk 1:32:06]} Nc6 {[%clk 1:32:12]} 5. c3 {[%clk 1:32:23]} Nf6 {[%clk 1:32:25]}
6. Bf4 {[%clk 1:32:21]} Bg4 {[%clk 1:32:43]} 7. Qb3 {[%clk 1:32:34]} Qd7
{[%clk 1:32:19]} 8. Nd2 {[%clk 1:32:57]} e6 {[%clk 1:32:39]} 9. Ngf3
{[%clk 1:32:47]} Bd6 {[%clk 1:32:03]} 10. Ne5 {[%clk 1:30:30]} Qc7
{[%clk 1:31:27]} 11. Nxg4 {[%clk 1:26:39]} Nxg4 {[%clk 1:20:41]} 12. Bxd6
{[%clk 1:24:58]} Qxd6 {[%clk 1:21:06]} 13. h3 {[%clk 1:22:48]} Nf6
{[%clk 1:21:14]} 14. O-O {[%clk 1:22:36]} O-O {[%clk 1:21:40]} 15. Rfe1
{[%clk 1:22:08]} Rab8 {[%clk 1:21:47]} 16. Nf3 {[%clk 1:19:54]} Qc7
{[%clk 1:21:32]} 17. Qc2 {[%clk 1:18:05]} Rfc8 {[%clk 1:14:45]} 18. Rac1
{[%clk 1:17:31]} g6 {[%clk 1:12:05]} 19. Ne5 {[%clk 1:13:18]} Nxe5
{[%clk 1:11:30]} 20. Rxe5 {[%clk 1:12:16]} b5 {[%clk 1:10:12]} 21. a3
{[%clk 1:06:04]} a5 {[%clk 1:08:27]} 22. Qd2 {[%clk 1:00:30]} Kg7
{[%clk 1:06:44]} 23. Re3 {[%clk 0:54:16]} b4 {[%clk 0:55:07]} 24. axb4
{[%clk 0:54:01]} axb4 {[%clk 0:55:04]} 25. Ba6 {[%clk 0:52:00]} Rd8
{[%clk 0:47:03]} 26. cxb4 {[%clk 0:50:57]} Qa7 {[%clk 0:43:13]} 27. b5
{[%clk 0:50:52]} Ne4 {[%clk 0:41:40]} 28. Qd3 {[%clk 0:48:58]} Rb6
{[%clk 0:40:37]} 29. b3 {[%clk 0:47:02]} Rdb8 {[%clk 0:39:40]} 30. Re2
{[%clk 0:43:07]} Nd6 {[%clk 0:36:46]} 31. Rc5 {[%clk 0:41:27]} Qd7
{[%clk 0:35:10]} 32. Rec2 {[%clk 0:36:34]} Nxb5 {[%clk 0:34:22]} 33. Bxb5
{[%clk 0:36:57]} Rxb5 {[%clk 0:34:40]} 34. Rxb5 {[%clk 0:36:52]} Qxb5
{[%clk 0:31:19]} 35. Qxb5 {[%clk 0:36:49]} Rxb5 {[%clk 0:31:48]} 36. Rc3
{[%clk 0:36:15]} Ra5 {[%clk 0:29:04]} 37. Kf1 {[%clk 0:33:47]} Ra2
{[%clk 0:27:48]} 38. Ke1 {[%clk 0:33:38]} Rb2 {[%clk 0:27:37]} 39. g4
{[%clk 0:32:40]} g5 {[%clk 0:27:05]} 40. Rf3 {[%clk 0:31:58]} Kg6
{[%clk 0:25:47]} 41. Kd1 {[%clk 0:31:46]} f5 {[%clk 0:23:07]} 42. Kc1
{[%clk 0:30:55]} Ra2 {[%clk 0:22:58]} 43. b4 {[%clk 0:30:46]} h5 {[%clk 0:18:43]}
44. gxh5+ {[%clk 0:29:09]} Kxh5 {[%clk 0:19:10]} 45. b5 {[%clk 0:29:33]} g4
{[%clk 0:10:43]} 46. hxg4+ {[%clk 0:29:51]} fxg4 {[%clk 0:11:01]} 47. b6
{[%clk 0:28:52]} Ra6 {[%clk 0:04:18]} 48. b7 {[%clk 0:28:36]} Rb6
{[%clk 0:04:37]} 49. Rf6 {[%clk 0:28:39]} Rxb7 {[%clk 0:04:10]} 50. Rxe6
{[%clk 0:28:58]} Rf7 {[%clk 0:04:27]} 51. Re2 {[%clk 0:25:55]} Rf4
{[%clk 0:04:40]} 52. Rd2 {[%clk 0:26:10]} Kh4 {[%clk 0:04:32]} 53. Kd1
{[%clk 0:26:27]} Kh3 {[%clk 0:04:28]} 54. Ke2 {[%clk 0:26:16]} Kg2
{[%clk 0:04:48]} 55. Ke3 {[%clk 0:24:29]} Rf3+ 0-1

[Event "EUCC 2023 - U14"]
[Site "Kouty nad Desnou"]
[Date "2023.08.17"]
[Round "2.4"]
[White "Novomeska, Karin"]
[Black "Valean, David-Andrei"]
[Result "1-0"]
[BlackElo "1648"]
[WhiteElo "1842"]
[LiveChessVersion "1.4.8"]

1. d4 {[%clk 1:30:58]} d5 {[%clk 1:30:52]} 2. c4 {[%clk 1:31:20]} c6
{[%clk 1:31:16]} 3. Nf3 {[%clk 1:31:04]} Bf5 {[%clk 1:29:20]} 4. Nc3
{[%clk 1:29:59]} e6 {[%clk 1:29:13]} 5. g3 {[%clk 1:27:18]} Nf6 {[%clk 1:29:28]}
6. Bg2 {[%clk 1:26:34]} Nbd7 {[%clk 1:28:20]} 7. O-O {[%clk 1:21:31]} dxc4
{[%clk 1:12:48]} 8. Re1 {[%clk 1:03:23]} Bb4 {[%clk 0:55:42]} 9. Nd2
{[%clk 0:58:01]} Nb6 {[%clk 0:49:44]} 10. a3 {[%clk 0:47:09]} Be7
{[%clk 0:45:34]} 11. Nde4 {[%clk 0:33:41]} Nxe4 {[%clk 0:37:26]} 12. Bxe4
{[%clk 0:28:03]} Bxe4 {[%clk 0:36:27]} 13. Nxe4 {[%clk 0:28:32]} O-O
{[%clk 0:23:20]} 14. e3 {[%clk 0:26:24]} f5 {[%clk 0:08:59]} 15. Nd2
{[%clk 0:17:31]} Qd5 {[%clk 0:02:25]} 16. Qe2 {[%clk 0:17:37]} Rad8
{[%clk 0:01:28]} 17. Nb1 {[%clk 0:10:02]} e5 {[%clk 0:00:39]} 18. Nc3
{[%clk 0:09:17]} Qe6 {[%clk 0:01:00]} 19. dxe5 {[%clk 0:08:41]} Qxe5
{[%clk 0:01:23]} 20. e4 {[%clk 0:08:31]} fxe4 {[%clk 0:00:39]} 21. Bf4
{[%clk 0:07:54]} Qe6 {[%clk 0:00:42]} 22. Qxe4 {[%clk 0:08:02]} Qxe4
{[%clk 0:00:55]} 23. Rxe4 {[%clk 0:08:31]} Bf6 {[%clk 0:00:57]} 24. Be5
{[%clk 0:07:18]} Bxe5 {[%clk 0:01:12]} 25. Rxe5 {[%clk 0:07:47]} Rd2
{[%clk 0:01:12]} 26. Re2 {[%clk 0:07:23]} Rfd8 {[%clk 0:01:00]} 27. Rae1
{[%clk 0:07:35]} Rxe2 {[%clk 0:00:55]} 28. Rxe2 {[%clk 0:08:00]} Kf7
{[%clk 0:00:46]} 29. Kg2 {[%clk 0:08:20]} Rd3 {[%clk 0:00:47]} 30. Ne4
{[%clk 0:08:40]} Nd5 {[%clk 0:00:40]} 31. Nd6+ {[%clk 0:07:34]} Kf6
{[%clk 0:00:36]} 32. Nxc4 {[%clk 0:07:51]} b6 {[%clk 0:00:37]} 33. Ne5
{[%clk 0:08:14]} Rb3 {[%clk 0:00:33]} 34. Nxc6 {[%clk 0:08:36]} a6
{[%clk 0:00:35]} 35. Rd2 {[%clk 0:08:01]} Nc7 {[%clk 0:00:37]} 36. Nd4
{[%clk 0:08:24]} Rb5 {[%clk 0:00:48]} 37. Nxb5 {[%clk 0:08:49]} Nxb5
{[%clk 0:01:13]} 38. a4 {[%clk 0:09:13]} 1-0

[Event "EUCC 2023 - U14"]
[Site "Kouty nad Desnou"]
[Date "2023.08.17"]
[Round "2.5"]
[White "Csernyik, Mark"]
[Black "Barteckova, Valerie"]
[Result "1-0"]
[BlackElo "1562"]
[WhiteElo "1976"]
[LiveChessVersion "1.4.8"]

1. e4 {[%clk 1:30:57]} c6 {[%clk 1:30:44]} 2. Nc3 {[%clk 1:31:20]} d5
{[%clk 1:30:59]} 3. Nf3 {[%clk 1:31:45]} Bg4 {[%clk 1:30:40]} 4. h3
{[%clk 1:32:01]} Bxf3 {[%clk 1:31:02]} 5. Qxf3 {[%clk 1:32:25]} e6
{[%clk 1:31:05]} 6. Be2 {[%clk 1:27:06]} Nf6 {[%clk 1:29:08]} 7. O-O
{[%clk 1:26:09]} Bc5 {[%clk 1:18:45]} 8. e5 {[%clk 0:45:35]} Nfd7
{[%clk 1:10:14]} 9. Qg4 {[%clk 0:40:40]} g6 {[%clk 0:56:02]} 10. d4
{[%clk 0:39:56]} Bf8 {[%clk 0:52:25]} 11. Bg5 {[%clk 0:29:39]} Be7
{[%clk 0:45:46]} 12. f4 {[%clk 0:28:00]} Qb6 {[%clk 0:35:42]} 13. Rad1
{[%clk 0:24:01]} Qxb2 {[%clk 0:28:38]} 14. Rf3 {[%clk 0:23:27]} Qb6
{[%clk 0:25:04]} 15. Bxe7 {[%clk 0:23:12]} Kxe7 {[%clk 0:25:26]} 16. Qg5+
{[%clk 0:22:24]} Kf8 {[%clk 0:24:35]} 17. Qh6+ {[%clk 0:17:49]} Ke7
{[%clk 0:19:15]} 18. g4 {[%clk 0:14:06]} Na6 {[%clk 0:15:59]} 19. f5
{[%clk 0:13:22]} Nxe5 {[%clk 0:12:18]} 20. Re3 {[%clk 0:13:16]} Nc4
{[%clk 0:09:51]} 21. Bxc4 {[%clk 0:11:45]} dxc4 {[%clk 0:10:06]} 22. Rxe6+
{[%clk 0:10:45]} Kd7 {[%clk 0:07:30]} 23. Qg7 {[%clk 0:09:05]} Raf8
{[%clk 0:03:51]} 24. Ne4 {[%clk 0:07:17]} gxf5 {[%clk 0:01:35]} 25. Nc5+
{[%clk 0:03:19]} Kc8 {[%clk 0:01:28]} 26. Qe5 {[%clk 0:02:21]} Nc7
{[%clk 0:01:04]} 27. Re7 {[%clk 0:02:32]} Re8 {[%clk 0:00:59]} 28. Qxf5+
{[%clk 0:02:29]} Ne6 {[%clk 0:01:03]} 29. Rxb7 {[%clk 0:02:39]} Qd8
{[%clk 0:00:53]} 30. Rxa7 {[%clk 0:02:22]} Qh4 {[%clk 0:00:42]} 31. Ra8+
{[%clk 0:02:28]} Kc7 {[%clk 0:01:20]} 32. Qe5+ {[%clk 0:04:38]} Kb6
{[%clk 0:01:29]} 33. Rb1# {[%clk 0:05:02]} 1-0

[Event "EUCC 2023 - U14"]
[Site "Kouty nad Desnou"]
[Date "2023.08.17"]
[Round "2.6"]
[White "Ciocirlan, Bianca-Alexandra"]
[Black "Haapsal, Maria Ioanna"]
[Result "1/2-1/2"]
[BlackElo "1508"]
[WhiteElo "1510"]
[LiveChessVersion "1.4.8"]

1. e4 {[%clk 1:30:59]} d5 {[%clk 1:30:51]} 2. exd5 {[%clk 1:31:20]} Qxd5
{[%clk 1:31:16]} 3. Nc3 {[%clk 1:31:09]} Qd6 {[%clk 1:31:33]} 4. Bc4
{[%clk 1:26:04]} Nf6 {[%clk 1:27:49]} 5. d3 {[%clk 1:22:57]} a6 {[%clk 1:27:15]}
6. Nge2 {[%clk 1:19:13]} e6 {[%clk 1:26:22]} 7. Bf4 {[%clk 1:18:18]} Qd8
{[%clk 1:26:41]} 8. Qd2 {[%clk 1:14:51]} Be7 {[%clk 1:26:45]} 9. h3
{[%clk 1:10:05]} b5 {[%clk 1:25:52]} 10. Bb3 {[%clk 1:09:43]} Bb7
{[%clk 1:25:49]} 11. Rg1 {[%clk 1:01:47]} Nbd7 {[%clk 1:21:58]} 12. g4
{[%clk 1:01:03]} Nc5 {[%clk 1:21:08]} 13. h4 {[%clk 0:57:40]} Nd5
{[%clk 1:14:22]} 14. Bxd5 {[%clk 0:57:20]} exd5 {[%clk 1:14:33]} 15. d4
{[%clk 0:52:07]} Ne6 {[%clk 1:12:47]} 16. g5 {[%clk 0:50:00]} Nxf4
{[%clk 1:11:58]} 17. Qxf4 {[%clk 0:48:46]} Qd7 {[%clk 1:09:09]} 18. Qe5
{[%clk 0:45:10]} Rg8 {[%clk 1:07:23]} 19. h5 {[%clk 0:43:11]} O-O-O
{[%clk 1:06:49]} 20. O-O-O {[%clk 0:37:47]} b4 {[%clk 1:05:22]} 21. Nb1
{[%clk 0:26:20]} Bd6 {[%clk 0:58:52]} 22. Qe3 {[%clk 0:25:29]} Rde8
{[%clk 0:58:15]} 23. Qd3 {[%clk 0:23:35]} Qa4 {[%clk 0:55:33]} 24. Qxh7
{[%clk 0:17:30]} Qxa2 {[%clk 0:55:31]} 25. Qf5+ {[%clk 0:17:21]} Kb8
{[%clk 0:55:18]} 26. Rge1 {[%clk 0:12:05]} Qc4 {[%clk 0:51:54]} 27. Nd2
{[%clk 0:09:40]} Qb5 {[%clk 0:50:30]} 28. Ng3 {[%clk 0:08:21]} Bc8
{[%clk 0:48:45]} 29. Qxf7 {[%clk 0:06:08]} Ref8 {[%clk 0:48:23]} 30. Qg6
{[%clk 0:05:51]} Rxf2 {[%clk 0:47:03]} 31. Re3 {[%clk 0:04:35]} Bf4
{[%clk 0:45:33]} 32. Rb3 {[%clk 0:04:25]} Qa4 {[%clk 0:44:20]} 33. Kb1
{[%clk 0:02:14]} Bxd2 {[%clk 0:36:03]} 34. h6 {[%clk 0:02:27]} Qe8
{[%clk 0:32:05]} 35. h7 {[%clk 0:02:07]} Rh8 {[%clk 0:30:14]} 36. Qxg7
{[%clk 0:01:46]} Rf7 {[%clk 0:29:16]} 37. Qe5 {[%clk 0:01:17]} Qxe5
{[%clk 0:27:00]} 38. dxe5 {[%clk 0:01:40]} Bxg5 {[%clk 0:26:39]} 39. Rxb4+
{[%clk 0:01:45]} Bb7 {[%clk 0:24:38]} 40. Rg4 {[%clk 0:01:20]} Bd8 41. Rh1
{[%clk 0:00:54]} Rfxh7 {[%clk 0:17:22]} 42. Rxh7 {[%clk 0:00:52]} Rxh7
{[%clk 0:17:51]} 43. Rg8 {[%clk 0:01:20]} Kc8 {[%clk 0:18:20]} 44. Nf5
{[%clk 0:01:14]} c6 {[%clk 0:18:49]} 45. e6 {[%clk 0:01:31]} Kc7 {[%clk 0:18:45]}
46. Re8 {[%clk 0:01:36]} Bc8 {[%clk 0:15:26]} 47. e7 {[%clk 0:01:41]} Bxe7
{[%clk 0:15:55]} 48. Rxe7+ {[%clk 0:02:01]} Rxe7 {[%clk 0:16:20]} 49. Nxe7
{[%clk 0:02:30]} Be6 {[%clk 0:16:12]} 50. Ng6 {[%clk 0:02:33]} Kb6
{[%clk 0:16:11]} 51. Nf4 {[%clk 0:02:52]} Bf5 {[%clk 0:16:12]} 52. Kc1
{[%clk 0:03:00]} Kc5 {[%clk 0:15:47]} 53. Kd2 {[%clk 0:03:08]} Kd4
{[%clk 0:15:37]} 54. Ne2+ {[%clk 0:03:25]} Ke5 {[%clk 0:15:48]} 55. Nc1
{[%clk 0:02:32]} c5 {[%clk 0:14:18]} 56. Nb3 {[%clk 0:02:29]} Kd6
{[%clk 0:14:21]} 57. Kc3 {[%clk 0:01:33]} Be6 {[%clk 0:13:24]} 58. Nc1
{[%clk 0:01:28]} d4+ {[%clk 0:12:55]} 59. Kd2 {[%clk 0:01:38]} Bc4
{[%clk 0:12:53]} 60. c3 {[%clk 0:01:13]} Ke5 {[%clk 0:09:43]} 61. b3
{[%clk 0:01:06]} Bf1 {[%clk 0:07:56]} 62. Na2 {[%clk 0:01:01]} d3
{[%clk 0:05:37]} 63. c4 {[%clk 0:01:27]} Kd4 {[%clk 0:04:54]} 64. Nc3
{[%clk 0:01:52]} Bg2 {[%clk 0:04:17]} 65. Na4 {[%clk 0:02:09]} a5
{[%clk 0:03:52]} 66. Nb2 {[%clk 0:02:31]} Be4 {[%clk 0:04:04]} 67. Na4
{[%clk 0:02:51]} Bc6 {[%clk 0:03:51]} 68. Nb2 {[%clk 0:03:18]} Be4
{[%clk 0:01:25]} 69. Na4 {[%clk 0:03:35]} Bf5 {[%clk 0:01:45]} 70. Nb2
{[%clk 0:03:49]} Bg6 {[%clk 0:00:58]} 71. Na4 {[%clk 0:03:43]} Bf7
{[%clk 0:01:13]} 72. Nb2 {[%clk 0:03:56]} Ke5 1/2-1/2

[Event "EUCC 2023 - U14"]
[Site "Kouty nad Desnou"]
[Date "2023.08.17"]
[Round "2.7"]
[White "Bartova, Hana"]
[Black "Boyadzhieva, Katerina"]
[Result "1-0"]
[BlackElo "1152"]
[WhiteElo "1461"]
[LiveChessVersion "1.4.8"]

1. e4 {[%clk 1:30:58]} d6 {[%clk 1:30:56]} 2. d4 {[%clk 1:31:24]} Nf6
{[%clk 1:31:22]} 3. Nc3 {[%clk 1:31:49]} g6 {[%clk 1:31:48]} 4. Nge2
{[%clk 1:31:48]} Bg7 {[%clk 1:32:11]} 5. g3 {[%clk 1:32:06]} O-O {[%clk 1:32:35]}
6. Bg2 {[%clk 1:32:32]} c5 {[%clk 1:32:54]} 7. O-O {[%clk 1:29:10]} cxd4
{[%clk 1:32:57]} 8. Nxd4 {[%clk 1:29:21]} Nc6 {[%clk 1:32:37]} 9. Nxc6
{[%clk 1:13:38]} bxc6 {[%clk 1:32:58]} 10. e5 {[%clk 1:13:28]} dxe5
{[%clk 1:24:53]} 11. Bxc6 {[%clk 1:11:53]} Bh3 {[%clk 1:10:26]} 12. Bxa8
{[%clk 0:54:01]} Qxa8 {[%clk 1:09:43]} 13. f3 {[%clk 0:54:07]} Bxf1
{[%clk 1:07:12]} 14. Qxf1 {[%clk 0:52:42]} e4 {[%clk 0:57:06]} 15. f4
{[%clk 0:40:49]} Ng4 {[%clk 0:49:31]} 16. h3 {[%clk 0:31:50]} Bd4+
{[%clk 0:45:14]} 17. Kg2 {[%clk 0:29:18]} Nf6 {[%clk 0:40:45]} 18. Ne2
{[%clk 0:27:37]} Bb6 {[%clk 0:37:44]} 19. c4 {[%clk 0:15:11]} Qc6
{[%clk 0:30:39]} 20. b3 {[%clk 0:13:34]} Rd8 {[%clk 0:27:34]} 21. Ba3
{[%clk 0:12:58]} Rd2 {[%clk 0:25:24]} 22. Re1 {[%clk 0:11:39]} e6
{[%clk 0:22:22]} 23. Be7 {[%clk 0:10:33]} Nd7 {[%clk 0:19:34]} 24. a3
{[%clk 0:09:49]} a5 {[%clk 0:17:20]} 25. Rd1 {[%clk 0:07:02]} e3+
{[%clk 0:16:31]} 26. Kh2 {[%clk 0:06:34]} a4 27. Rxd2 {[%clk 0:04:18]} exd2
{[%clk 0:11:29]} 28. bxa4 {[%clk 0:04:25]} Qxa4 {[%clk 0:10:14]} 29. Nc3
{[%clk 0:04:36]} Qxa3 {[%clk 0:08:31]} 30. Bxa3 1-0

[Event "EUCC 2023 - U14"]
[Site "Kouty nad Desnou"]
[Date "2023.08.17"]
[Round "2.8"]
[White "Berkova, Agata"]
[Black "Pritulina, Nadezhda"]
[Result "0-1"]
[BlackElo "1372"]
[WhiteElo "1101"]
[LiveChessVersion "1.4.8"]

1. c4 {[%clk 1:30:59]} c5 {[%clk 1:30:53]} 2. Nc3 {[%clk 1:31:26]} Nc6
{[%clk 1:31:09]} 3. Nf3 {[%clk 1:31:39]} e5 {[%clk 1:31:30]} 4. e3
{[%clk 1:29:49]} Nf6 {[%clk 1:30:10]} 5. d4 {[%clk 1:29:09]} exd4
{[%clk 1:28:42]} 6. exd4 {[%clk 1:29:19]} cxd4 {[%clk 1:29:08]} 7. Nxd4
{[%clk 1:29:21]} Bc5 {[%clk 1:29:13]} 8. Be3 {[%clk 1:16:19]} Bb4
{[%clk 1:24:30]} 9. Qc2 {[%clk 1:09:10]} O-O {[%clk 1:19:32]} 10. Bd3
{[%clk 1:08:00]} Ne5 {[%clk 1:15:01]} 11. O-O {[%clk 1:04:01]} Nxd3
{[%clk 1:06:48]} 12. Qxd3 {[%clk 1:04:22]} d5 {[%clk 1:05:50]} 13. Ndb5
{[%clk 0:58:10]} a6 {[%clk 1:02:25]} 14. Nd4 {[%clk 0:48:29]} Qd6
{[%clk 0:54:24]} 15. Rad1 {[%clk 0:44:03]} Ng4 {[%clk 0:51:50]} 16. Nf3
{[%clk 0:43:09]} Be6 {[%clk 0:46:59]} 17. Nxd5 {[%clk 0:40:47]} Nxe3
{[%clk 0:46:24]} 18. Nxe3 {[%clk 0:38:49]} Qb6 {[%clk 0:45:30]} 19. Qb3
{[%clk 0:36:42]} Qa5 {[%clk 0:35:27]} 20. Nd4 {[%clk 0:31:43]} Rfe8
{[%clk 0:33:42]} 21. a3 {[%clk 0:28:41]} Bc5 {[%clk 0:32:53]} 22. Qxb7
{[%clk 0:25:33]} Bxd4 {[%clk 0:30:11]} 23. Rxd4 {[%clk 0:25:33]} Rab8
{[%clk 0:30:24]} 24. Qc6 {[%clk 0:23:55]} Rec8 {[%clk 0:30:36]} 25. Qd6
{[%clk 0:23:56]} Rxb2 {[%clk 0:28:54]} 26. Rfd1 {[%clk 0:23:38]} h6
{[%clk 0:26:01]} 27. h3 {[%clk 0:18:12]} Ra2 {[%clk 0:20:01]} 28. R1d3
{[%clk 0:17:16]} Qe1+ {[%clk 0:07:27]} 29. Kh2 {[%clk 0:17:12]} Qxf2
{[%clk 0:07:50]} 30. Qg3 {[%clk 0:14:11]} Qxg3+ {[%clk 0:07:33]} 31. Kxg3
{[%clk 0:14:30]} Rc5 {[%clk 0:07:54]} 32. Rc3 {[%clk 0:13:15]} Kh7
{[%clk 0:05:25]} 33. Rd6 {[%clk 0:09:45]} a5 {[%clk 0:05:24]} 34. Ra6
{[%clk 0:08:41]} Rd2 {[%clk 0:03:56]} 35. Kf4 {[%clk 0:03:52]} Rd4+
{[%clk 0:02:01]} 36. Kg3 {[%clk 0:04:10]} h5 {[%clk 0:01:13]} 37. Rc2
{[%clk 0:01:33]} Rd3 {[%clk 0:01:04]} 38. Kf2 {[%clk 0:01:21]} Rxa3
{[%clk 0:01:12]} 39. Ke2 {[%clk 0:01:06]} a4 {[%clk 0:00:49]} 40. Kd2
{[%clk 0:01:18]} Ra1 {[%clk 0:01:07]} 41. Kc3 {[%clk 0:01:06]} Re5
{[%clk 0:00:48]} 42. Nf1 {[%clk 0:01:03]} Rxf1 {[%clk 0:00:57]} 43. Rxa4
{[%clk 0:01:27]} Rc5 {[%clk 0:01:16]} 44. Kb4 {[%clk 0:01:29]} Rc8
{[%clk 0:01:35]} 45. c5 {[%clk 0:01:42]} Rb1+ {[%clk 0:01:27]} 46. Ka3
{[%clk 0:01:00]} Bb3 {[%clk 0:00:59]} 47. Rb2 {[%clk 0:00:43]} Rxb2
{[%clk 0:01:18]} 48. Rb4 {[%clk 0:00:53]} Rb1 {[%clk 0:01:29]} 49. Rxb3
{[%clk 0:00:52]} Ra8+ {[%clk 0:01:49]} 50. Kb4 {[%clk 0:01:10]} Rb8+
{[%clk 0:02:13]} 0-1